| 000 | 00346pab a2200145 454500 | ||
|---|---|---|---|
| 008 | 180718b2004 xxu||||| |||| 00| 0 eng d | ||
| 100 | _aMehra, Ajay K. | ||
| 245 | _aPolicing in a developing and democratising society | ||
| 260 | _c2004 | ||
| 300 | _ap.123-36. | ||
| 362 | _aJul-Sep | ||
| 650 | _aPolice | ||
| 773 | _aDialogue | ||
| 909 | _a62893 | ||
| 999 |
_c62893 _d62893 |
||